US News & World Report 2012 Top 100 College Rankings Quiz Stats

 Plays Quiz not verified by Sporcle

Challenge
Share
Tweet
Embed
Score 0/98 Timer 12:00
0 Plays Today
State College % Correct
MassachusettsHarvard University
99.7%
ConnecticutYale University
98.7%
MassachusettsMassachusetts Institute of Technology
96%
CaliforniaStanford University
96%
New JerseyPrinceton University
95.7%
PennsylvaniaUniversity of Pennsylvania
95.4%
New YorkColumbia University
94.4%
CaliforniaUniversity of California, Los Angeles
94.4%
MichiganUniversity of Michigan
94%
Rhode IslandBrown University
93.4%
GeorgiaUniversity of Georgia
92.7%
ColoradoUniversity of Denver
92.4%
VirginiaUniversity of Virginia
92.1%
TexasUniversity of Texas at Austin
92.1%
North CarolinaUniversity of North Carolina at Chapel Hill
91.7%
PennsylvaniaDrexel University
91.4%
New HampshireDartmouth College
91.1%
MissouriWashington University in St. Louis
91.1%
IllinoisUniversity of Chicago
90.7%
North CarolinaDuke University
90.4%
WashingtonUniversity of Washington
89.7%
New YorkNew York University
89.4%
Washington D.C.Georgetown University
88.7%
MassachusettsBoston University
88.7%
FloridaUniversity of Florida
87.1%
CaliforniaCalifornia Institute of Technology
86.8%
New YorkCornell University
86.8%
WisconsinUniversity of Wisconsin-Madison
86.4%
CaliforniaUniversity of Southern California
85.4%
IowaUniversity of Iowa
85.1%
TennesseeVanderbilt University
84.8%
MassachusettsBoston College
84.8%
IllinoisNorthwestern University
83.8%
State College % Correct
ColoradoUniversity of Colorado
83.8%
IndianaIndiana University
83.4%
PennsylvaniaPennsylvania State University
83.1%
TexasRice University
82.1%
AlabamaUniversity of Alabama
82.1%
IllinoisUniversity of Illinois at Urbana-Champaign
80.5%
IndianaUniversity of Notre Dame
80.1%
GeorgiaGeorgia Institute of Technology
80.1%
OhioOhio State University
80.1%
Washington D.C.American University
79.5%
MarylandUniversity of Maryland
78.5%
MarylandJohns Hopkins University
78.1%
MinnesotaUniversity of Minnesota, Twin Cities
76.5%
MissouriUniversity of Missouri
75.8%
GeorgiaEmory University
75.2%
LouisianaTulane University
74.8%
New JerseyRutgers University
74.2%
CaliforniaUniversity of California, Berkeley
73.8%
OhioMiami University
73.8%
Washington D.C.George Washington University
73.2%
VirginiaVirginia Tech
72.5%
UtahBrigham Young University
71.5%
MichiganMichigan State University
70.9%
ConnecticutUniversity of Connecticut
68.5%
AlabamaAuburn University
66.9%
PennsylvaniaUniversity of Pittsburgh
65.6%
North CarolinaWake Forest University
65.2%
TexasTexas A&M University
63.9%
VirginiaCollege of William and Mary
62.3%
IndianaPurdue University
61.9%
New YorkSyracuse University
60.9%
MassachusettsTufts University
60.3%
CaliforniaUniversity of California, Irvine
59.9%
State College % Correct
PennsylvaniaCarnegie Mellon University
59.6%
South CarolinaClemson University
58.3%
MassachusettsUniversity of Massachusetts Amherst
57%
IowaIowa State University
56.3%
CaliforniaUniversity of California, Davis
54.6%
CaliforniaUniversity of California, Santa Barbara
51.7%
CaliforniaUniversity of California, San Diego
50.7%
TexasSouthern Methodist University
47.4%
OhioCase Western Reserve University
46.7%
New YorkBinghamton University
46.4%
MassachusettsNortheastern University
46%
OklahomaUniversity of Tulsa
46%
TexasBaylor University
45.4%
MissouriSt. Louis University
44%
CaliforniaUniversity of San Diego
41.4%
MassachusettsBrandeis University
40.4%
WisconsinMarquette University
40.4%
TexasTexas Christian University
39.7%
New YorkFordham University
38.4%
PennsylvaniaLehigh University
34.4%
New YorkSUNY
33.1%
FloridaUniversity of Miami
30.5%
CaliforniaPepperdine University
30.5%
CaliforniaUniversity of California, Riverside
30.5%
New YorkRensselaer Polytechnic Institute
30.1%
New YorkYeshiva University
29.5%
CaliforniaUniversity of California, Santa Cruz
24.5%
New YorkUniversity of Rochester
22.8%
MassachusettsWorcester Polytechnic Institute
19.5%
ColoradoColorado School of Mines
19.2%
New JerseyStevens Institute of Technology
13.9%
MassachusettsClark University
13.2%

You're not logged in!

Compare scores with friends on all Sporcle quizzes.
OR
Log In

You Might Also Like...

Show Comments

Extras

Top Quizzes Today


Score Distribution

Your Account Isn't Verified!

In order to create a playlist on Sporcle, you need to verify the email address you used during registration. Go to your Sporcle Settings to finish the process.

Report this User

Report this user for behavior that violates our Community Guidelines.

Details: